000 01197nam a2200241Ia 4500
003 BUBTL
008 151213s9999 xx 000 0 und d
041 _aBengali
_hEnglish
082 _a342.5492/ 2000
100 _a
_95852
245 _aগনপ্রজাতণ্ত্রী বাংলাদেশের সংবিধান/
_cগণপ্রজাতন্ত্রী বাংলাদেশ সরকার
246 _aThe Constitution of The People's Republic of Bangladesh
260 _aঢাকা :
_cc2000
_bআইন, বিচার ও সংসদ বিষয়ক মন্ত্রনালয়,
300 _a[ix], 185 p. :
_b24 cm.
505 _aগণপ্রজাতন্ত্রী বাংলাদেশের সংবিধান, গণপ্রজাতন্ত্রী বাংলাদেশ সরকার, The Constitution of The People's Republic of Bangladesh
526 _aLaw
650 _aLaw
650 _a
_95853
700 _aআইন, বিচার ও সংসদ বিষয়ক মণত্রণালয়
_95854
856 _k0
_l0
_yDownload
942 _2ddc
_cBK
999 _c3392
_d3392